Code Cracker! III Quiz Stats

 Plays Quiz Updated Jul 14, 2017

Support Sporcle.
Go Orange.
Score 0/176 Timer 04:00
1 Play Today
% Correct
✔​​
100%
Y​
100%
Y​
100%
✔​​
86.3%
A​
86.3%
A​
86.3%
A​
86.3%
A​
86.3%
A​
86.3%
A​
86.3%
A​
86.3%
A​
86.3%
A​
86.3%
A​
86.3%
A​
86.3%
A​
86.3%
A​
86.3%
A​
86.3%
A​
86.3%
A​
86.3%
A​
86.3%
✔​​
85.9%
E​
85.9%
E​
85.9%
E​
85.9%
E​
85.9%
E​
85.9%
E​
85.9%
E​
85.9%
E​
85.9%
E​
85.9%
E​
85.9%
E​
85.9%
E​
85.9%
E​
85.9%
E​
85.9%
E​
85.9%
E​
85.9%
E​
85.9%
E​
85.9%
E​
85.9%
E​
85.9%
E​
85.9%
✔​​
84.1%
K​
84.1%
K​
84.1%
K​
84.1%
K​
84.1%
✔​​
83.3%
R​
83.3%
R​
83.3%
R​
83.3%
R​
83.3%
R​
83.3%
R​
83.3%
R​
83.3%
R​
83.3%
R​
83.3%
✔​​
82.5%
% Correct
T​
82.5%
T​
82.5%
T​
82.5%
T​
82.5%
T​
82.5%
T​
82.5%
T​
82.5%
T​
82.5%
T​
82.5%
✔​​
81.4%
S​
81.4%
S​
81.4%
S​
81.4%
S​
81.4%
S​
81.4%
S​
81.4%
S​
81.4%
S​
81.4%
✔​​
81.1%
I​
81.1%
I​
81.1%
I​
81.1%
I​
81.1%
I​
81.1%
I​
81.1%
I​
81.1%
I​
81.1%
I​
81.1%
✔​​
80.4%
H​
80.4%
H​
80.4%
H​
80.4%
H​
80.4%
H​
80.4%
H​
80.4%
H​
80.4%
✔​​
80.1%
N​
80.1%
N​
80.1%
N​
80.1%
N​
80.1%
N​
80.1%
N​
80.1%
N​
80.1%
N​
80.1%
✔​​
79.9%
G​
79.9%
G​
79.9%
G​
79.9%
G​
79.9%
G​
79.9%
✔​​
76.7%
U​
76.7%
U​
76.7%
U​
76.7%
U​
76.7%
U​
76.7%
U​
76.7%
U​
76.7%
% Correct
✔​​
76.2%
B​
76.2%
B​
76.2%
B​
76.2%
B​
76.2%
B​
76.2%
B​
76.2%
B​
76.2%
✔​​
73.5%
O​
73.5%
O​
73.5%
O​
73.5%
O​
73.5%
O​
73.5%
✔​​
72.8%
M​
72.8%
M​
72.8%
M​
72.8%
M​
72.8%
✔​​
72.8%
Z​
72.8%
Z​
72.8%
✔​​
71.7%
C​
71.7%
C​
71.7%
C​
71.7%
C​
71.7%
C​
71.7%
C​
71.7%
✔​​
71.4%
D​
71.4%
D​
71.4%
D​
71.4%
✔​​
66.8%
V​
66.8%
V​
66.8%
V​
66.8%
✔​​
66.3%
L​
66.3%
L​
66.3%
L​
66.3%
L​
66.2%
✔​​
65.9%
P​
65.9%
P​
65.9%
P​
65.9%
P​
65.9%
✔​​
63.7%
W​
63.7%
W​
63.7%
✔​​
56.4%
F​
56.4%
✔​​
54.4%
X​
54.4%
✔​​
54.3%
J​
54.3%
✔​​
50.8%
Q​
50.8%

You're not logged in!

Compare scores with friends on all Sporcle quizzes.
OR
Log In
Forgot?

From the Vault

3 Films, 1 Actor, 1 Year II

by jakethegoldfish

Apparently, these actors have no issues finding work.
Remove Ads.
Support Sporcle.
Get the best of Sporcle when you Go Orange. This ad-free experience offers more features, more stats, and more fun while also helping to support Sporcle. Thank you for becoming a member.

Show Comments

Extras

Top Quizzes Today


Score Distribution

Your Account Isn't Verified!

In order to create a playlist on Sporcle, you need to verify the email address you used during registration. Go to your Sporcle Settings to finish the process.

Report this User

Report this user for behavior that violates our Community Guidelines.

Details: